Miként befolyásolja a pszichoszociális kockázatok kezeletlensége a hivatásos magyar gépjárművezetők munkáját, annak megtartását?

Bibliográfiai részletek
Szerző: Palacsik Kinga
További közreműködők: Szászvári Dr. Karina Ágnes
Dokumentumtípus: Diplomadolgozat
Kulcsszavak:munkahelyi stressz
pszichoszociális kockázat
gépjárművezetők
Online Access:http://dolgozattar.uni-bge.hu/9090

MARC

LEADER 00000nta a2200000 i 4500
001 dolg9090
005 20161219111212.0
008 161219suuuu hu om 000 hun d
040 |a BGE Dolgozattár Repozitórium  |b hun 
041 |a hu 
100 1 |a Palacsik Kinga 
245 1 0 |a Miként befolyásolja a pszichoszociális kockázatok kezeletlensége a hivatásos magyar gépjárművezetők munkáját, annak megtartását?  |c Palacsik Kinga  |h [elektronikus dokumentum] 
695 |a munkahelyi stressz 
695 |a pszichoszociális kockázat 
695 |a gépjárművezetők 
700 1 |a Szászvári Dr. Karina Ágnes  |e ths 
856 4 0 |u http://dolgozattar.uni-bge.hu/9090/1/Palacsik%20Kinga%20szakdolgozat.pdf  |z Dokumentum-elérés